000 00822nam a2200241 i 4500
001 121881
003 ES-MaACL
005 20251201193356.0
007 t|
008 070214q1955 sp r ||||1| spa d
100 0 _aPlutarco
_992678
245 1 4 _aLos tratados :
_bsobre las mujeres, sobre el amor, sobre el matrimonio, sobre la muerte, sobre la salud, y otros no menos interesantes /
_cPlutarco ; traducción, prólogo y notas de Juan B. Bergua.
260 _aMadrid :
_bEd. Ibéricas,
_c[1955?]
300 _a365 p. ;
_c16 cm.
700 1 _aBergua, Juan B.,
_d1892-1991
_928018
740 0 2 _aSobre las mujeres.
740 0 2 _aSobre el amor.
740 0 2 _aSobre el matrimonio.
740 0 2 _aSobre la muerte.
740 0 2 _aSobre la salud.
852 4 _aES-MaACL
_jC-10794
999 _c121881
_d121881